Los puntos clave de toda educación
I tiakina i:
| Ngā kaituhi matua: | , |
|---|---|
| Hōputu: | Pukapuka |
| Reo: | Pāniora |
| I whakaputaina: |
Madrid
Narcea
1982
|
| Rangatū: | Padres
|
| Ngā marau: | |
| Ngā Tūtohu: |
Tāpirihia he Tūtohu
Kāore He Tūtohu, Me noho koe te mea tuatahi ki te tūtohu i tēnei pūkete!
|
MARC
| LEADER | 00000nam a2200000 a 4500 | ||
|---|---|---|---|
| 001 | UCY7974 | ||
| 003 | CL-VaPUC | ||
| 008 | 950623e19820000SP |||||||||||||||||spa|d | ||
| 082 | 0 | 4 | |a 248.845 |b RIE |2 21 |
| 100 | 0 | |a Riesgo Menguez, Luis |e author |9 338984 | |
| 700 | 0 | |a Pablo de Riesgo, Carmen |e author |9 338985 | |
| 245 | 1 | 4 | |a Los puntos clave de toda educación |
| 300 | |a 158 p | ||
| 942 | |c BK | ||
| 945 | |d 19950623 00:00:00 |a mfernand | ||
| 260 | |a Madrid |b Narcea |c 1982 | ||
| 650 | 0 | |a Familias |9 255641 | |
| 650 | 0 | |a Amor |9 257817 | |
| 650 | 0 | |a Niños |9 255605 | |
| 650 | 7 | |a MATRIMONIO |2 CL-VaPUC |9 338986 | |
| 650 | 0 | |a Divorcio |9 256204 | |
| 650 | 7 | |a MEDIO FAMILIAR |2 CL-VaPUC |9 337153 | |
| 650 | 7 | |a PADRES PROGENITORES |2 CL-VaPUC |9 338981 | |
| 650 | 7 | |a ROL DE LOS PADRES |2 CL-VaPUC |9 338980 | |
| 650 | 7 | |a RESPONSABILIDAD DE LOS PADRES |2 CL-VaPUC |9 338987 | |
| 650 | 7 | |a RELACIONES PADRES-HIJOS |2 CL-VaPUC |9 308185 | |
| 650 | 7 | |a EDUCACION FAMILIAR |2 CL-VaPUC |9 309569 | |
| 583 | |a last modification |c 19950623 00:00:00 |k Rodrigo Vera | ||
| 490 | 0 | |a Padres | |
| 999 | |c 235265 |d 235263 | ||